000 00541nam a2200169Ia 4500
003 GCL
008 140319s9999 xx 000 0 ara d
040 _aGCL /
_cGCL
082 0 4 _a398.21
_bخ ت
100 1 _aخيرى عبدالجواد
245 1 0 _aكتاب التوهمات /
_cخيرى عبدالجواد
260 _aالقاهرة :
_bالهيئة المصرية العامة للكتاب ،
_c1992
300 _a146 ص ؛
_c19 سم
650 0 4 _aالادب الشعبى
650 0 4 _aالقصص الشعبية
942 _2ddc
_cBK
999 _c30015
_d30015